| 000 | 00693nam a2200193 a 4500 | ||
|---|---|---|---|
| 005 | 20210219160138.0 | ||
| 008 | 080818s1966 mx r 000 0 spa d | ||
| 035 | _aUPN01000159366 | ||
| 049 | _aUNE | ||
| 080 | _aOC 31:37 (-77) =20 LIU No.10. | ||
| 100 | 1 | _aLiu, Bangnee Alfred | |
| 245 | 1 | 0 |
_aEstimating future school enrolment in developing countries : _ba manual of methodology / _cby Bangnee Alfred Liu. |
| 260 |
_aParĂs : _bUNESCO, _aNew York : _bUnited Nations, _c1966. |
||
| 300 |
_a156 p. : _bfot. |
||
| 440 | 0 |
_aStatistical reports and studies ; _v10 |
|
| 690 | _aMatricula - Paises en desarrollo | ||
| 690 | _aEstadisticas educacionales - Paises en desarrollo | ||
| 905 | _aUNESCO | ||
| 999 |
_c131480 _d131480 |
||